01162 a2200157 45000010006000000050017000060080041000230030015000640400040000790800064001192450035001832640057002183000019002755050683002941000027009773212820260407155622.0260407a1983 arg spa dAR-UNSa-BCEJYS aAR-UNSa-BCEJYSbspacAR-UNSa-BCEJYS a658xAdministración de empresas. Organización comercial10aCiencia de la administración 1aBuenos Aires :bEdiciones Contabilidad Modernac1983 a350 p.c22 cm. a1. Análisis y categorias de los continentes del conocimiento - 2. Análisis de la metodología cientifica - 3. Las opciones metodologicas para la administración - 4. Fundamentos para la elaboración de un modelo de análisis de las ideas en administración - 5. Las escuelas clásicas - 6. La escuela de realcioneas humanas - 7. La escuela neoclasica - 8. Las escuelas de sociologia y sicologia - 9. El estructuralismo - 10. La escuela de la teoria de la organización - 11. La escuela de la teoria de los sistemas - 12. Sintesis del análisis retrospectivo de las ideas en administración - 13. Una teoría descriptiva del comportamiento de las organizaciones. 1 aHermida, Jorge Alfredo